000 00327nam a22001337a 4500
008 250411b |||||||| |||| 00| 0 eng d
020 _a9789780856076
050 _aJF7471
_b.N54
100 _aNIL
245 _aNigeria Transit
260 _aAbuja Nigeria
_bKissa Communication Limited
_c2008
300 _axx, 424p.
942 _cBK
999 _c2926
_d2926